000 00815nab a2200253 u 4500
001 14837
003 HDC
007 cr bn ---aaaaa
008 210216c mydr|nes 0 a may d
040 _aHDC
100 _aSuffian A Bakar
_eauthor
_97744
245 0 _aICD tingkat ekutiti dalam PMB Tijari /
_cby Suffian A Bakar
260 _aMalaysia:
_bBerita Harian,
_c2014
336 _atext
_2rdacontent
337 _acomputer
_2rdamedia
338 _aonline resource
_2rdacarrier
650 _afinance
_9103
650 _aislamic banking
_9270
710 _aBerita Harian
856 _zRequest full-text at [email protected]
942 _2lcc
942 _cNEWS
942 _kNSWC 004717
999 _c12153
_d12153